000 00400nam a22000977a 4500
100 _aपंडित,अंजलि
_979940
245 _aहिन्‍दी साहित्‍य प्रश्‍नोत्‍तरी
260 _aनई दिल्‍ली
_bकादम्‍बरी प्रकाशन
_c2019
650 _aसामान्‍य ज्ञान
_9328
942 _cHIN
999 _c63480
_d63480